000 00737cab a2200241 4500
001 WB3325-17
008 090401t1997 xxu||||| |||| 00| 0 eng d
035 _a(Sirsi) u79161
041 _aeng
245 _aPaid to save skylark
260 _c1997
350 _a0
490 _aDaily Telegraph
_v23 June 1997, 8(1)
520 _aFrom 1998, farmers in East Anglia and the West Midlands are to be offered up to £200 an acre to use fewer pesticides - in a bid to preserve wildlife habitats.
650 _aCOUNTRYSIDE STEWARDSHIP SCHEME
650 _aINTENSIVE FARMING
650 _aSKYLARKS
650 _aWILDLIFE CONSERVATION
650 _aWILDLIFE HABITATS
690 _aCONSERVATION
942 _n0
948 _c24/06/1997
999 _c49757
_d49757